000 00666nam a2200193 a 4500
003 0
005 20250312110021.0
008 090709s19uu xx 00 eng d
050 _aPHS BF 1078
_b.So698 2009
100 _aSong, Bo Ram.
245 _aSleep deprivation and mood manifestation /
_cBo Ram Song.
260 _aLas PiƱas City, Philippines :
_bSouthville International School and Colleges,
_c2009.
300 _a23 pages :
_billustrations ;
_c28 cm.
504 _aIncludes bibliographical references.
650 _aSleep deprivation
_xPsychological aspects.
650 _aMood (Psychology).
650 _aSleep
_xPsychological aspects.
942 _2lcc
_cPASS
999 _c98274
_d98274